| 000 | 01116nam a2200265Ia 4500 | ||
|---|---|---|---|
| 003 | OSt | ||
| 005 | 20221005110248.0 | ||
| 006 | a|||||r|||| 00| 0 | ||
| 007 | ta | ||
| 008 | 221004b |||||||| |||| 00| 0 hin d | ||
| 020 |
_a8126020598 (hbk) _c1250 |
||
| 024 | _a92116 | ||
| 037 |
_b543, 19/03/2009, Vani Prakashan _cTextual |
||
| 040 |
_aCRL _cCRL _bhin |
||
| 041 |
_2hin _ahin |
||
| 082 | _aO152,1M64x, P6 | ||
| 100 | _aद्विवेदी, महादेवी प्रसाद | ||
| 245 | 0 | _aमहादेवी प्रसाद द्विवेदी रचना संचयन | |
| 246 | _aMahādevī prasād dvivedī rachanā sanchayana | ||
| 260 |
_aनई दिल्ली _bसाहित्य अकादेमी ुभारत _c2006 |
||
| 300 |
_a558पृ0 _ccm. |
||
| 700 | _a यायावर, भारत, संपा. | ||
| 942 |
_hO152,1M64x, P6 _cTEXL _2cc |
||
| 999 |
_c1018262 _d1018262 |
||